00355nam a2200109Ia 4500008004100000245010800041260004900149260000900198300001000207500001200217650001600229170224s9999 xx 000 0 und d aDo hedonic motives moderate regulatory focus motives? Evidence from the framing of persuasive messages. bJournal of Personality and Social Psychology c2014 a106:1 aJanuary xPsychology.